[Event "Sautron op 15th"]
[Site "Sautron"]
[Date "2015.10.23"]
[Round "5.64"]
[White "Rate, Bruno"]
[Black "Lefevre, Bernard"]
[Result "1-0"]
[WhiteElo "2066"]
[BlackElo "1725"]
[PlyCount "59"]
[EventDate "2015.10.24"]
[EventType "swiss"]
[EventRounds "9"]
[EventCountry "FRA"]
[SourceTitle "EXT 2019"]
[Source "ChessBase"]
[SourceDate "2018.10.10"]
[SourceVersion "1"]
[SourceVersionDate "2018.10.10"]
[SourceQuality "1"]

1. d4 d5 2. Bf4 Nf6 3. e3 Bf5 4. c4 Bxb1 5. Rxb1 c6 6. Qb3 Qa5+ 7. Ke2 Qb6 8. c5 Qxb3 9. axb3 e6 10. Ra1 a6 11. h3 Nbd7 12. Nf3 Be7 13. b4 0-0 14. Ke1 Rfc8 15. Bd3 Ne8 16. Ke2 Nc7 17. Bxc7 Rxc7 18. b5 cxb5 19. Bxb5 Rac8 20. Bxd7 Rxd7 21. b4 Rdc7 22. Rhb1 f6 23. b5 axb5 24. Rxb5 e5 25. Rab1 exd4 26. exd4 Rb8 27. Rb6 Bd8 28. Rd6 b5 29. cxb6 Rcb7 30. Rxd5 1-0

[Event "Rohde op 07th"]
[Site "Sautron"]
[Date "2007.11.02"]
[Round "8"]
[White "Lefevre, Bernard"]
[Black "Moustafa, Iraqi"]
[Result "0-1"]
[WhiteElo "1763"]
[BlackElo "1510"]
[PlyCount "82"]
[EventDate "2007.10.27"]
[EventType "swiss"]
[EventRounds "9"]
[EventCountry "FRA"]
[SourceTitle "EXT 2008"]
[Source "ChessBase"]
[SourceDate "2007.11.25"]
[SourceVersion "1"]
[SourceVersionDate "2007.11.25"]
[SourceQuality "1"]

1. d4 c5 2. d5 d6 3. c4 e5 4. e4 Nf6 5. Nc3 Be7 6. Nf3 Bg4 7. h3 Bxf3 8. Qxf3 0-0 9. Bd3 Re8 10. 0-0 a6 11. Be3 b6 12. Rab1 Nbd7 13. Qe2 g6 14. Qc2 Bf8 15. b3 Nh5 16. Ne2 Bg7 17. b4 Bf6 18. Qd2 Rc8 19. g4 Ng7 20. g5 Be7 21. Ng3 f6 22. f4 exf4 23. Bxf4 fxg5 24. Be3 Ne5 25. bxc5 Rf8 26. Be2 bxc5 27. Rxf8+ Kxf8 28. Qb2 Qc7 29. Kg2 Bf6 30. Rf1 Ke7 31. Qc1 h6 32. Rf2 Rf8 33. Qf1 Rf7 34. Bd1 Ne8 35. Ba4 Ng7 36. Bd1 Qd7 37. Bc1 Ne8 38. Bb2 Kf8 39. Qe2 h5 40. Nxh5 gxh5 41. Qxh5 Rh7 0-1